Measurement and instrumentation systems. (Record no. 7285)
[ view plain ]
| 000 -LEADER | |
|---|---|
| fixed length control field | 00900nam a2200277 a 4500 |
| 001 - CONTROL NUMBER | |
| control field | 3568090 |
| 003 - CONTROL NUMBER IDENTIFIER | |
| control field | OSt |
| 005 - DATE AND TIME OF LATEST TRANSACTION | |
| control field | 20210927133722.0 |
| 008 - FIXED-LENGTH DATA ELEMENTS--GENERAL INFORMATION | |
| fixed length control field | 970228s1996 enka b 001 0 eng d |
| 010 ## - LIBRARY OF CONGRESS CONTROL NUMBER | |
| LC control number | 98154516 |
| 020 ## - INTERNATIONAL STANDARD BOOK NUMBER | |
| International Standard Book Number | 0750631147 |
| 035 ## - SYSTEM CONTROL NUMBER | |
| System control number | (OCoLC)36467915 |
| 040 ## - CATALOGING SOURCE | |
| Original cataloging agency | MiU |
| Transcribing agency | DDC |
| Modifying agency | AzTeS |
| -- | Uk |
| -- | DLC |
| 042 ## - AUTHENTICATION CODE | |
| Authentication code | lccopycat |
| 050 04 - LIBRARY OF CONGRESS CALL NUMBER | |
| Classification number | TA165 |
| Item number | .B638 1996 |
| 082 00 - DEWEY DECIMAL CLASSIFICATION NUMBER | |
| Classification number | 620.1BOL 1996 |
| 100 1# - MAIN ENTRY--PERSONAL NAME | |
| Personal name | Bolton W. |
| Fuller form of name | (William), |
| Dates associated with a name | 1933- |
| 9 (RLIN) | 5285 |
| 245 10 - TITLE STATEMENT | |
| Title | Measurement and instrumentation systems. |
| Statement of responsibility, etc. | Edited by Bolton W. |
| 260 ## - PUBLICATION, DISTRIBUTION, ETC. (IMPRINT) | |
| Place of publication, distribution, etc. | Oxford : |
| Name of publisher, distributor, etc. | Newnes, |
| Date of publication, distribution, etc. | 1996. |
| 300 ## - PHYSICAL DESCRIPTION | |
| Extent | vii,412p. |
| Other physical details | ill. ; |
| Dimensions | 25cm. |
| 504 ## - BIBLIOGRAPHY, ETC. NOTE | |
| Bibliography, etc | Includes; bibliographical references and index. |
| 650 #0 - SUBJECT ADDED ENTRY--TOPICAL TERM | |
| Topical term or geographic name as entry element | Physics |
| 9 (RLIN) | 809 |
| 906 ## - LOCAL DATA ELEMENT F, LDF (RLIN) | |
| a | 7 |
| b | cbc |
| c | copycat |
| d | 3 |
| e | ncip |
| f | 19 |
| g | y-gencatlg |
| 942 ## - ADDED ENTRY ELEMENTS (KOHA) | |
| Source of classification or shelving scheme | Dewey Decimal Classification |
| Koha item type | Open Shelf |
| Withdrawn status | Lost status | Source of classification or shelving scheme | Damaged status | Not for loan | Home library | Current library | Date acquired | Source of acquisition | Inventory number | Total Checkouts | Full call number | Barcode | Date last seen | Price effective from | Koha item type | Checked out | Date last checked out |
|---|---|---|---|---|---|---|---|---|---|---|---|---|---|---|---|---|---|
| Dewey Decimal Classification | MUST Main Library | MUST Main Library | 27/09/2021 | Donation | 2001/15471 | 620.1BOL 1996 | 2021-1287 | 27/09/2021 | 27/09/2021 | Open Shelf | |||||||
| Dewey Decimal Classification | MUST Main Library | MUST Main Library | 27/09/2021 | Donation | 2001/15472 | 1 | 620.1BOL 1996 | 2021-1288 | 06/10/2021 | 27/09/2021 | Open Shelf | 20/10/2021 | 06/10/2021 | ||||
| Dewey Decimal Classification | MUST Main Library | MUST Main Library | 27/09/2021 | Donation | 2001/15470 | 620.1BOL 1996 | 2021-1289 | 27/09/2021 | 27/09/2021 | Open Shelf | |||||||
| Dewey Decimal Classification | MUST Main Library | MUST Main Library | 27/09/2021 | Donation | 2001/15473 | 620.1BOL 1996 | 2021-1290 | 27/09/2021 | 27/09/2021 | Open Shelf |
